[Event "Cuba ch II"]
[Site "Santa Clara CUB"]
[Date "2005.04.13"]
[Round "7.1"]
[White "Hernandez, Holden"]
[Black "Alonso, Rene"]
[Result "1/2-1/2"]
[WhiteElo "2446"]
[BlackElo "2387"]
[PlyCount "44"]
[EventDate "2005.04.07"]
[EventType "tourn"]
[EventRounds "9"]
[EventCountry "CUB"]
[EventCategory "8"]
[Source "lmi"]
[SourceDate "2005.04.27"]

1. e4 e5 2. Nf3 Nc6 3. Bb5 a6 4. Ba4 Nf6 5. O-O Nxe4 6. d4 exd4 7. Re1 d5 8.
Nxd4 Bd6 9. Nxc6 Bxh2+ 10. Kh1 Qh4 11. Bg5 Qxg5 12. Qxd5 Qxd5 13. Nb4+ Kd8 14.
Nxd5 Be5 15. Nd2 Nxf2+ 16. Kg1 Bd4 17. Ne3 Ng4 18. Ndf1 Nxe3 19. Nxe3 Ke7 20.
Rad1 Bxe3+ 21. Rxe3+ Be6 22. Rd7+ Kf6 1/2-1/2

[Event "Cuba ch II"]
[Site "Santa Clara CUB"]
[Date "2005.04.13"]
[Round "7.3"]
[White "Perez, Rodney"]
[Black "Gongora, Maikel"]
[Result "0-1"]
[WhiteElo "2437"]
[BlackElo "2454"]
[PlyCount "122"]
[EventDate "2005.04.07"]
[EventType "tourn"]
[EventRounds "9"]
[EventCountry "CUB"]
[EventCategory "8"]
[Source "lmi"]
[SourceDate "2005.04.27"]

1. e4 c5 2. Nf3 e6 3. b3 b6 4. c4 Bb7 5. Nc3 Nc6 6. Bb2 Nf6 7. e5 Ng4 8. Nb5
Qb8 9. Qe2 a6 10. Na3 Nb4 11. h3 Bxf3 12. gxf3 Nh6 13. Bg2 Qc7 14. f4 Rd8 15.
d3 Nf5 16. Nc2 Nxc2+ 17. Qxc2 g6 18. Be4 Nd4 19. Bxd4 cxd4 20. h4 h5 21. Qe2
Bh6 22. Qf3 d6 23. Bb7 a5 24. exd6 Qxd6 25. Qc6+ Ke7 26. Qxd6+ Kxd6 27. Ke2 Kc7
28. Bg2 Bxf4 29. a3 Bd6 30. b4 Rb8 31. Rab1 Kd7 32. Rb2 Be7 33. Bf3 Rhc8 34.
Kf1 axb4 35. axb4 Rc7 36. Kg2 Ra7 37. Rb3 Ra4 38. b5 Ra2 39. Kg3 Bd6+ 40. Kg2
Rc8 41. Re1 Rc7 42. Re4 Bc5 43. Re2 Rca7 44. Rxa2 Rxa2 45. Bb7 Be7 46. Kg3 Ra1
47. Bc6+ Kd8 48. Kh3 Ba3 49. Bf3 Ke7 50. Be4 f5 51. Bc6 Kf6 52. Kg2 Ra2 53. Bf3
Be7 54. Rb1 Ra3 55. Rd1 Rc3 56. Rd2 Kf7 57. Kg3 Bd6+ 58. Kg2 Bf4 59. Rd1 Rc2
60. Re1 Ke7 61. Bd5 Be3 0-1

[Event "Cuba ch II"]
[Site "Santa Clara CUB"]
[Date "2005.04.13"]
[Round "7.4"]
[White "Ortiz, Isam"]
[Black "Otero, Diasmany"]
[Result "0-1"]
[WhiteElo "2399"]
[BlackElo "2400"]
[PlyCount "106"]
[EventDate "2005.04.07"]
[EventType "tourn"]
[EventRounds "9"]
[EventCountry "CUB"]
[EventCategory "8"]
[Source "lmi"]
[SourceDate "2005.04.27"]

1. e4 c5 2. Nf3 Nc6 3. d4 cxd4 4. Nxd4 Nf6 5. Nc3 e5 6. Ndb5 d6 7. Bg5 a6 8.
Na3 b5 9. Bxf6 gxf6 10. Nd5 f5 11. c3 Bg7 12. Bd3 Be6 13. Nxb5 axb5 14. Bxb5
Bd7 15. exf5 O-O 16. O-O e4 17. a4 Re8 18. Qg4 Kh8 19. Rad1 Re5 20. Qf4 Bf6 21.
Qe3 Rb8 22. c4 Bg5 23. Qc3 f6 24. Qa3 Ne7 25. Nxf6 Bxf5 26. Rxd6 Qf8 27. Nd7
Bxd7 28. Rxd7 e3 29. Qc3 Qf6 30. f4 Bxf4 31. Rxe7 e2 32. Re1 Qxe7 33. Rxe2 Kg8
34. Rxe5 Qxe5 35. Qxe5 Bxe5 36. b3 Kf8 37. a5 Ke7 38. a6 Kd6 39. g4 Kc5 40. Kg2
Rf8 41. h3 Kb4 42. g5 Kxb3 43. c5 Kb4 44. Bd3 Rf7 45. c6 Kc5 46. Be4 Kb6 47.
Bd5 Rg7 48. h4 h6 49. Kf3 hxg5 50. h5 g4+ 51. Ke4 Rg5 52. h6 Kxa6 53. h7 Kb6
0-1

[Event "Cuba ch II"]
[Site "Santa Clara CUB"]
[Date "2005.04.13"]
[Round "7.5"]
[White "Gonzalez, Yuri"]
[Black "Arencibia, Walter"]
[Result "0-1"]
[WhiteElo "2482"]
[BlackElo "2530"]
[PlyCount "100"]
[EventDate "2005.04.07"]
[EventType "tourn"]
[EventRounds "9"]
[EventCountry "CUB"]
[EventCategory "8"]
[Source "lmi"]
[SourceDate "2005.04.27"]

1. d4 Nf6 2. c4 g6 3. Nc3 Bg7 4. e4 d6 5. Nf3 O-O 6. Be2 e5 7. O-O exd4 8. Nxd4
Re8 9. f3 c6 10. Nc2 Na6 11. Kh1 Nc7 12. Bf4 d5 13. exd5 cxd5 14. Bg3 b6 15.
Nd4 Bb7 16. Ncb5 Nxb5 17. cxb5 Nh5 18. Bf2 Nf4 19. Re1 Qf6 20. Rb1 Rac8 21. Bf1
Rxe1 22. Qxe1 Ne6 23. Rd1 Nxd4 24. Bxd4 Qf4 25. Qd2 Qxd2 26. Rxd2 Bxd4 27. Rxd4
a5 28. Rd2 Kg7 29. Kg1 Kf6 30. Kf2 Ke5 31. Ke3 Rc1 32. Be2 Bc8 33. Bd1 Be6 34.
g3 Kd6 35. Rd4 Kc5 36. Be2 Rb1 37. Rd2 d4+ 38. Ke4 Bf5+ 39. Ke5 Re1 40. Kf6
Rxe2 41. Rxe2 d3 42. Re8 Kd4 43. Rd8+ Ke3 44. g4 Be6 45. Kg7 h5 46. gxh5 gxh5
47. Kh6 h4 48. Kg5 h3 49. f4 d2 50. f5 Bc4 0-1

[Event "Cuba ch II"]
[Site "Santa Clara CUB"]
[Date "2005.04.15"]
[Round "8.1"]
[White "Alonso, Rene"]
[Black "Arencibia, Walter"]
[Result "1/2-1/2"]
[WhiteElo "2387"]
[BlackElo "2530"]
[PlyCount "24"]
[EventDate "2005.04.07"]
[EventType "tourn"]
[EventRounds "9"]
[EventCountry "CUB"]
[EventCategory "8"]
[Source "lmi"]
[SourceDate "2005.04.27"]

1. e4 c5 2. Nf3 d6 3. d4 cxd4 4. Nxd4 Nf6 5. Nc3 e6 6. g4 h6 7. h4 Nc6 8. Rg1
h5 9. gxh5 Nxh5 10. Bg5 Qb6 11. Nb3 a6 12. Qd2 Bd7 1/2-1/2

[Event "Cuba ch II"]
[Site "Santa Clara CUB"]
[Date "2005.04.15"]
[Round "8.3"]
[White "Gongora, Maikel"]
[Black "Ortiz, Isam"]
[Result "1/2-1/2"]
[WhiteElo "2454"]
[BlackElo "2399"]
[PlyCount "57"]
[EventDate "2005.04.07"]
[EventType "tourn"]
[EventRounds "9"]
[EventCountry "CUB"]
[EventCategory "8"]
[Source "lmi"]
[SourceDate "2005.04.27"]

1. e4 c5 2. Nf3 d6 3. d4 cxd4 4. Nxd4 Nf6 5. Nc3 e6 6. g4 h6 7. h4 Nc6 8. Rg1
d5 9. Bb5 Bd7 10. exd5 Nxd5 11. Nxd5 exd5 12. Be3 a6 13. Bd3 Nxd4 14. Bxd4 Qxh4
15. Qe2+ Qe7 16. Qxe7+ Bxe7 17. Bxg7 Rg8 18. Bxh6 Rxg4 19. O-O-O O-O-O 20. Rxg4
Bxg4 21. Rg1 Be6 22. f4 Bc5 23. Re1 Rh8 24. Bg7 Rh5 25. Kd2 Kd7 26. Re5 Rh2+
27. Re2 Rh5 28. Re5 Rh2+ 29. Re2 1/2-1/2

[Event "Cuba ch II"]
[Site "Santa Clara CUB"]
[Date "2005.04.15"]
[Round "8.4"]
[White "Hernandez, Roman"]
[Black "Perez, Rodney"]
[Result "1/2-1/2"]
[WhiteElo "2367"]
[BlackElo "2437"]
[PlyCount "26"]
[EventDate "2005.04.07"]
[EventType "tourn"]
[EventRounds "9"]
[EventCountry "CUB"]
[EventCategory "8"]
[Source "lmi"]
[SourceDate "2005.04.27"]

1. d4 d5 2. c4 c6 3. cxd5 cxd5 4. Nc3 Nf6 5. Nf3 Nc6 6. Bf4 Bg4 7. e3 a6 8. Be2
e6 9. O-O Bd6 10. Bxd6 Qxd6 11. Ne1 Bxe2 12. Qxe2 O-O 13. Nd3 Rac8 1/2-1/2

[Event "Cuba ch II"]
[Site "Santa Clara CUB"]
[Date "2005.04.15"]
[Round "8.5"]
[White "Hernandez, Holden"]
[Black "Nogueiras, Jesus"]
[Result "1/2-1/2"]
[WhiteElo "2446"]
[BlackElo "2533"]
[PlyCount "66"]
[EventDate "2005.04.07"]
[EventType "tourn"]
[EventRounds "9"]
[EventCountry "CUB"]
[EventCategory "8"]
[Source "lmi"]
[SourceDate "2005.04.27"]

1. e4 e6 2. d4 d5 3. Nc3 Bb4 4. e5 Ne7 5. a3 Bxc3+ 6. bxc3 b6 7. Qg4 Kf8 8. Nh3
c5 9. Nf4 Ba6 10. Nh5 Nf5 11. Bxa6 Nxa6 12. Qe2 Qc8 13. g4 Ne7 14. O-O cxd4 15.
cxd4 Qc4 16. Qd2 Rc8 17. Qg5 Ng6 18. Bb2 Qb5 19. Rab1 h6 20. Qd2 Qc4 21. c3 Nc5
22. Qe3 Na4 23. Ba1 Qa2 24. Rbc1 Nh4 25. Qg3 g5 26. f4 Qd2 27. Rcd1 Qc2 28. Rc1
Qd2 29. f5 Ke7 30. Rcd1 Qc2 31. Rc1 Qd2 32. Rcd1 Qc2 33. Rc1 Qd2 1/2-1/2

[Event "Cuba ch II"]
[Site "Santa Clara CUB"]
[Date "2005.04.16"]
[Round "9.1"]
[White "Nogueiras, Jesus"]
[Black "Alonso, Rene"]
[Result "1-0"]
[WhiteElo "2533"]
[BlackElo "2387"]
[PlyCount "81"]
[EventDate "2005.04.07"]
[EventType "tourn"]
[EventRounds "9"]
[EventCountry "CUB"]
[EventCategory "8"]
[Source "lmi"]
[SourceDate "2005.04.27"]

1. c4 e6 2. Nf3 Nf6 3. b3 d5 4. Bb2 b6 5. g3 Be7 6. Bg2 Bb7 7. O-O O-O 8. e3
Nbd7 9. Nc3 dxc4 10. bxc4 Nc5 11. d4 Nce4 12. Ne2 c5 13. Nf4 cxd4 14. exd4 Nd6
15. Rc1 b5 16. c5 Nc4 17. Ba1 Bd5 18. Qe2 Rc8 19. Rfd1 Qc7 20. Bh3 Rcd8 21. Ne5
a6 22. Nxd5 exd5 23. Bf5 Rfe8 24. Qf3 Bf8 25. Re1 Re7 26. Re2 Rde8 27. h4 g6
28. Bh3 Bg7 29. c6 Ne4 30. Qf4 f5 31. f3 Ned6 32. Rce1 Nxe5 33. dxe5 Qxc6 34.
Qd4 Nc4 35. f4 Nd6 36. Bb2 Ne4 37. Rc1 Qe6 38. Kh2 Rc8 39. Rxc8+ Qxc8 40. Qxd5+
Kf8 41. Qxe4 1-0

[Event "Cuba ch II"]
[Site "Santa Clara CUB"]
[Date "2005.04.16"]
[Round "9.5"]
[White "Arencibia, Walter"]
[Black "Otero, Diasmany"]
[Result "1-0"]
[WhiteElo "2530"]
[BlackElo "2400"]
[PlyCount "105"]
[EventDate "2005.04.07"]
[EventType "tourn"]
[EventRounds "9"]
[EventCountry "CUB"]
[EventCategory "8"]
[Source "lmi"]
[SourceDate "2005.04.27"]

1. d4 f5 2. Nc3 d5 3. Bf4 c6 4. e3 Nf6 5. Bd3 e6 6. Nf3 Be7 7. h3 Qb6 8. a3 O-O
9. O-O Bd7 10. Na4 Qa5 11. Qe1 Qxe1 12. Rfxe1 b6 13. Ne5 Be8 14. c4 Nfd7 15.
Nf3 a6 16. Nc3 b5 17. b3 Nf6 18. a4 dxc4 19. bxc4 b4 20. Ne2 Nbd7 21. c5 a5 22.
Ng5 Bf7 23. Bc4 Nd5 24. Nxf7 Kxf7 25. Bh2 Bd8 26. Bd6 Re8 27. Nc1 Ra7 28. f3
Bc7 29. Bxc7 Nxc7 30. e4 fxe4 31. fxe4 Ke7 32. Nd3 Na6 33. Rf1 Nf6 34. Ne5 Nb8
35. g4 Rc7 36. Rae1 g5 37. Bb3 Nbd7 38. Nc4 Ra7 39. Nd6 Rf8 40. e5 Nd5 41. Rxf8
Kxf8 42. Rf1+ Kg8 43. Bxd5 exd5 44. Rf7 b3 45. Rf3 Nf8 46. Rxb3 Ne6 47. Rb8+
Kg7 48. Nf5+ Kg6 49. Re8 Ng7 50. Rc8 Ra6 51. Rg8 Ra7 52. e6 Kf6 53. e7 1-0

[Event "Cuba ch semifinal"]
[Site "Santa Clara CUB"]
[Date "2005.04.21"]
[Round "1.1"]
[White "Bruzon Bautista, Lazaro"]
[Black "Arencibia, Walter"]
[Result "1-0"]
[WhiteElo "2669"]
[BlackElo "2530"]
[PlyCount "77"]
[EventDate "2005.04.21"]
[EventType "k.o."]
[EventCountry "CUB"]
[Source "lmi"]
[SourceDate "2005.04.27"]

1. Nf3 g6 2. c4 Bg7 3. d4 Nf6 4. Nc3 O-O 5. Bg5 c5 6. d5 h6 7. Bf4 d6 8. e4 Qa5
9. Nd2 g5 10. Bg3 Nxe4 11. Ndxe4 f5 12. Nd2 f4 13. Be2 Bxc3 14. bxc3 Qxc3 15.
Rb1 Nd7 16. Rb3 Qd4 17. Rd3 Qf6 18. O-O Ne5 19. Rb3 Qg7 20. Nf3 fxg3 21. hxg3
Ng6 22. Bd3 b6 23. Re1 Bf5 24. Bxf5 Rxf5 25. Re4 Raf8 26. Rbe3 h5 27. g4 hxg4
28. Rxg4 Ne5 29. Nxe5 dxe5 30. Reg3 R5f6 31. Qa4 Kf7 32. f3 a5 33. Qd7 Qg8 34.
Rh3 Rf4 35. Rh5 Rxg4 36. Qxg4 Qg6 37. Rxg5 Qb1+ 38. Kf2 Qc2+ 39. Kg3 1-0

[Event "Cuba ch Final"]
[Site "Santa Clara CUB"]
[Date "2005.04.25"]
[Round "1"]
[White "Dominguez, Lenier"]
[Black "Bruzon Bautista, Lazaro"]
[Result "1/2-1/2"]
[WhiteElo "2658"]
[BlackElo "2669"]
[PlyCount "131"]
[EventDate "2005.04.25"]
[EventType "match"]
[EventCountry "CUB"]
[Source "lmi"]
[SourceDate "2005.04.27"]

1. e4 e5 2. Nf3 Nc6 3. Bb5 a6 4. Ba4 Nf6 5. O-O Nxe4 6. d4 b5 7. Bb3 d5 8. dxe5
Be6 9. Be3 Be7 10. c3 Nc5 11. Bc2 Nd7 12. Re1 Ndxe5 13. Nxe5 Nxe5 14. Bd4 Nc6
15. Bxg7 Rg8 16. Qh5 Kd7 17. Bh6 Bc5 18. Nd2 Qf6 19. Be3 Bd6 20. g3 Rg4 21. Kh1
Rag8 22. f4 Kc8 23. Nf3 R8g6 24. Bd4 Nxd4 25. Nxd4 Rh6 26. Rxe6 Qxe6 27. Qf5
Rxg3 28. Nxe6 fxe6 29. Qxe6+ Rxe6 30. hxg3 Re2 31. Bxh7 Rxb2 32. a4 Rb3 33.
axb5 axb5 34. Rc1 d4 35. cxd4 Rxg3 36. Bf5+ Kb7 37. Rf1 Kb6 38. Be6 Rd3 39. d5
b4 40. f5 b3 41. f6 b2 42. Bf5 Rxd5 43. Bb1 Rc5 44. f7 Rc1 45. Kg2 Bf8 46. Rh1
c5 47. Bf5 Rxh1 48. Kxh1 Kb5 49. Kg2 Kb4 50. Kf3 Kc3 51. Ke2 c4 52. Bb1 Kb3 53.
Ke3 Bg7 54. Ke4 Kc3 55. Kd5 Bh6 56. Ba2 Kb4 57. Bb1 Kb3 58. Kd4 Bf8 59. Ke4 Bg7
60. Ke3 Kc3 61. Ba2 Bh6+ 62. Ke2 Kb4 63. Kd1 Ka3 64. Bb1 Kb3 65. Ke2 Kc3 66.
Ba2 1/2-1/2